Sistema internacional de unidades. (Registro nro. 779)

Detalles MARC
000 -LEADER
fixed length control field 00779cam a2200241 a 4500
005 - FECHA ULTIMA MODIFICACION
control field 20240701095049.0
008 - CAMPO DE CONTROL (LIBRO)
fixed length control field 100930s1980||||ag d f |||| 00| 0 spa d
020 ## - INTERNATIONAL STANDARD BOOK NUMBER
ISBN S/N
041 ## - CODIGO DE IDIOMA
Código de idioma del texto/pista de sonido o título separado spa
092 ## - SIGNATURA TOPOGRAFICA DEWEY LOCAL
número de clasificación 515.021
libristica 6
sección BER
100 1# - ENTRADA PRINCIPAL--NOMBRE PERSONAL
Nombre personal Bertello, Luis F.
9 (RLIN) 1423
245 ## - TITULO PROPIAMENTE DICHO
Título Sistema internacional de unidades.
Subtítulo y Título paralelo Su aplicación en el área de la salud /
Mención de responsabilidad y remanente de la transcripción de la portada Luís F. Bertello.
250 ## - MENCION DE EDICION
Mención de edición 1a ed.
260 ## - PIE DE IMPRENTA
Lugar de publicación, distribución, etc Buenos Aires:
Nombre de la editorial, distribuidor, etc EUDEBA;
Fecha de publicación 1980.
300 ## - DESCRIPCION FISICA
Extension 100 p.
500 ## - NOTA GENERAL
Nota general Bertello, L. F. (1980). Sistema internacional de unidades. Su aplicación en el área de la salud. (1a ed.). Buenos Aires : EUDEBA.
590 ## - NOTAS LOCALES (RLIN)
Nota local Serie Temas.
653 ## - TÉRMINO INDIZADO - PALABRAS CLAVES
Palabra clave Magnitudes
653 ## - TÉRMINO INDIZADO - PALABRAS CLAVES
Palabra clave Unidades
653 ## - TÉRMINO INDIZADO - PALABRAS CLAVES
Palabra clave Unidades de energía y relacionadas
930 ## - NUMERO DE INVENTARIO
Número de inventario 752
942 ## - ADDED ENTRY ELEMENTS (KOHA)
Source of classification or shelving scheme Dewey Decimal Classification
Item type Libros
Existencias
Estado de retiro Existencia Estado general No para prestamo Ubicación permanente ubicación actual Sala de ubicación Fecha de adquisición Total Checkouts Número de clasificación Código de barras Date last seen Número de ejemplar Price effective from Koha tipo de elemento (item)
        Biblioteca Medicina Biblioteca Medicina Circulación 13/05/2011   515.021 6 BER 752 06/11/2014 ej.1 13/05/2011 Libros

UNIVERSIDAD NACIONAL DEL COMAHUE
Biblioteca de la Facultad de Ciencias Médicas
Sede Toschi: Los Arrayanes y Av. Toschi, Cipolletti  - Rio Negro
Sede Los Tordos:  Yrigoyen al 2211, Cipolletti - Rio Negro 

Teléfono: 0299 - 4774707 int 25
Contacto: biblioteca@facimed.uncoma.edu.ar
© 2011 - 2026